00631nam a2200169Ia 4500008004100000020001500041041000800056082001900064100004000083245009500123250000600218260003800224300001300262650001900275999001900294952014800313210716s2003 xx 000 0 und d a047139128X aeng a574.87322 SACC aSaccone, Cecilia; Pesole, Graziano. aHandbook of comparative genomics: principles and methodology.bPrinciples and methodology. a1 aCanadabJohn Wiley and Sonsc2003 axiii,427 aBioinformatics c187171d187171 00102ddc40708MCAaAIMITbAIMITeIntel Book Distributorsg4587.00l0o574.87322 SACCpMCA06679r2025-07-21 00:00:00v3669.60w2021-07-16yBK